000 00764nam a22002177a 4500
005 20150708160211.0
008 140714b xxu||||| |||| 00| 0 Urdu d
010 _aUR-9178
020 _c200.00
_a9789383882168
035 _aU-7733
037 _bBPPD/Pub/Ven
040 _aDPL
_bUrdu
082 _a270
100 _aمر زا غلا م احمد صا حب قا د يا نی
245 _aحما متہ ا لبشر ی
_cمر زا غلا م احمد صا حب قا د يا نی
246 h _aHamamatul Bushra
_bBy Hadhrat Mirza Ghulam Ahmad
260 _bNazarat Nasherwa Ashat Sader Anjuman
_c2014
_aPunjab
270 _aZila Gurudass Pur,,Punjab,
_bPunjab
_k -
_e143516
300 _a373ص
_c22Cm (Hb)
942 _2ddc
_cUR
_e
_h270
_mق ا د
999 _c94741
_d94741